000 01075nam a2200325 i 4500
003 DO-SdBNP
005 20230622143523.0
007 ta
008 230622b2019 dr ||||| |||| 00| 0 spa d
020 _a97899454432 (serie)
020 _a9789945582758 ( v.260)
040 _aDO-SdBNP
_bspa
_cBNPHU
_erda
082 4 _222
100 _967429
_aOssers, Manuel A
245 1 0 _aEscritoras hispanoamericas :
_bensayos críticos /
_cManuel A. Ossers
264 _aSanto Domingo :
_bBanco Central de la República Dominicana,
_c2019.
300 _a227 páginas ;
_c23 cm
336 _2rdacontent
_atexto
_btxt
337 _2rdamedia
_asin mediación
_bnc
338 _2rdacarrier
_avolumen
_bnc
490 _aBanco Central de la República Dominicana
_v260
490 _aArte y literatura
_v95
500 _aIncluye dtos biográficos del autor en las solapas
501 _aIncluye índice onomástico
504 _aBibliografía : p. 203-208
590 _aInventariado, 2023/BT
700 _aPizarro, Cristina,
_eprólogo
_983576
910 _aBtavárez
942 _2ddc
_cLBS1
999 _c53904
_d53904